000 00495nam a2200181Ia 4500
005 20250923144301.0
008 008 250917s9999 xx 000 0 eng d
037 _aTextual
040 _aDSWL
_beng
_cDSWL
041 _aeng
_2eng
084 _qDSWL
100 _aKessler, Henry H
_9823226
245 0 _aRehabilitation of the physical handicapped
_cby Henry H Kessler
260 _aNew York
_b OUP
_c1947
300 _a247 p.
942 _cTEXL
999 _c1437001
_d1437001